LEADER 01199nam0 2200289 i 450 001 SUN0053363 005 20180502120359.991 010 $a978-03-87979-26-7$d0.00 100 $a20060926d1993 |0engc50 ba 101 $aeng 102 $aUS 105 $a|||| ||||| 200 1 $aTopology and geometry$fGlen E. Bredon 210 $aNew York$cSpringer$dc1993 215 $aXIV, 557 p.$cill.$d25 cm. 410 1$1001SUN0023579$12001 $a*Graduate texts in mathematics$v139$1210 $aNew York$cSpringer$d1950-. 606 $a55-XX$xAlgebraic topology [MSC 2020]$2MF$3SUNC019672 606 $a58A05$xDifferentiable manifolds, foundations [MSC 2020]$2MF$3SUNC024249 620 $aUS$dNew York$3SUNL000011 700 1$aBredon$b, Glen E.$3SUNV042095$045078 712 $aSpringer$3SUNV000178$4650 801 $aIT$bSOL$c20201005$gRICA 856 4 $u/sebina/repository/catalogazione/documenti/Bredon - Topology and geometry.pdf$zContents 912 $aSUN0053363 950 $aUFFICIO DI BIBLIOTECA DEL DIPARTIMENTO DI MATEMATICA E FISICA$d08PREST 55-XX 0543 $e08 2904 I 20060926 996 $aTopology and geometry$979433 997 $aUNICAMPANIA